Datum a čas kvízu
38
Celkem bodů
Celkový počet nahraných bodů na tomto kvízu bez doplňovacích otázek.
5.
Pořadí na kvízu
Konečné umístění týmu na tomto kvízu.
Zaznamenané odpovědi
| # | Otázka | Odpověď | Body | Výsledky |
|---|---|---|---|---|
| 1. | S návrhem na přejmenování jedn... | o Ústeckém kraji | 1 | |
| 2. | Kvůli nalezené pumě z 2. světo... | v Drážďanech | 1 | |
| 3. | Bývalý člen jedné britské chla... | Harry Styles | 1 | |
| 4. | Jedna celosvětově používaná in... | Spotify | 1 | |
| 5. | Minulý týden kolovalo sociální... | Nizozemci | 0 | |
| 6. | Zobrazená ryba pocházející z A... | mečovka | 1 | |
| 7. | Řadě doma chovaných zvířat se... | sépie (sépiová kost) | 1 | |
| 8. | Pokud máte psa s průkazem půvo... | bonitace | 0 | |
| 9. | Do hraček a dalšího příslušens... | šanta | 1 | |
| 10. | V poslední otázce přejdeme od... | podkladek | 0 |